000 00426nam a22001817a 4500
003 MPLRDC
005 20220104113731.0
008 210129b ||||| |||| 00| 0 eng d
020 _a962-257-203-0
082 _a848.3 CL v.13
100 _a蔡澜著
245 _a忙里偷闲
_c
250 _a五版
260 _a
_b天地图书有限公司
_c1989
300 _b
650 _a现代别集
942 _cBK
_o848.3 CL v.13
999 _c1937
_d1927